PHYSICS AND CONTEMPORARY NEEDS, PROCEDING OF THE INTERNATIONAL NATHIAGALI SUMMER COLLEGE (Record no. 575149)

000 -LEADER
fixed length control field 00438nam a22001337a 4500
020 ## - INTERNATIONAL STANDARD BOOK NUMBER
International Standard Book Number 969-8221-01-8
082 ## - DEWEY DECIMAL CLASSIFICATION NUMBER
Classification number 530 PHY'Y
100 ## - MAIN ENTRY--PERSONAL NAME
Personal name AWAIS, M. M, YALDRAM, K
9 (RLIN) 67345
245 ## - TITLE STATEMENT
Title PHYSICS AND CONTEMPORARY NEEDS, PROCEDING OF THE INTERNATIONAL NATHIAGALI SUMMER COLLEGE
250 ## - EDITION STATEMENT
Edition statement V-17
260 ## - PUBLICATION, DISTRIBUTION, ETC.
Place of publication, distribution, etc. ISLAMABAD
Name of publisher, distributor, etc. PINSTECH
Date of publication, distribution, etc. 1992
650 ## - SUBJECT ADDED ENTRY--TOPICAL TERM
Topical term or geographic name entry element COMPUTATIONAL PHYSICS AND APPLICATIONS 3-160 PLASMA PHYSICS 165-271
9 (RLIN) 67346
942 ## - ADDED ENTRY ELEMENTS (KOHA)
Koha item type Book
Holdings
Withdrawn status Lost status Damaged status Not for loan Permanent Location Current Location Shelving location Date acquired Total Checkouts Full call number Barcode Date last seen Price effective from Koha item type
        College of Electrical & Mechanical Engineering (CEME) College of Electrical & Mechanical Engineering (CEME) General Stacks 08/01/2017   530 PHY'Y CEME-27831 06/28/2021 06/28/2021 Book
© 2023 Central Library, National University of Sciences and Technology. All Rights Reserved.